Vplyv čierneho lúhu na aktivitu aeróbnej biomasy

Enregistré dans:
Détails bibliographiques
Auteur principal: Valčičák, Juraj (Auteur)
Autres auteurs: Zakhar, Ronald (Directeur de thèse)
Format: Manuscrit Livre
Langue:slovaque
Publié: 2022
Sujets:
Accès en ligne:http://is.stuba.sk/zp/portal_zp.pl?podrobnosti=164994
Tags: Ajouter un tag
Pas de tags, Soyez le premier à ajouter un tag!

MARC

LEADER 00000ntm a22000003a 4500
001 stuzp90234
003 SK-STU
005 20220604210700.5
007 ta
008 150427s2015----xo-----f-mn---000-0-slo-d
040 |a STU  |b slo 
041 0 |a slo 
100 1 |a Valčičák, Juraj  |u 046290  |4 aut  |U FCHPT Ústav chemického a environmentálneho inžinierstva  |T FCHPT Oddelenie environmentálneho inžinierstva  |X 86862  |U C6290  |Y 120  |7 86862 
242 0 1 |a Impact of Black Liquor on Aerobic Biomass Activity  |y eng 
245 1 0 |a Vplyv čierneho lúhu na aktivitu aeróbnej biomasy 
260 |c 2022 
650 4 |a aktivita mikroorganizmov  |2 slo 
650 4 |a celulózo-papierenský priemysel  |2 slo 
650 4 |a čierny lúh  |2 slo 
650 4 |a activity of microorganisms  |2 eng 
650 4 |a black liquor  |2 eng 
650 4 |a pulp and paper industry  |2 eng 
700 1 |a Zakhar, Ronald  |u 046290  |k Z1  |4 ths  |U FCHPT Ústav chemického a environmentálneho inžinierstva  |T FCHPT Oddelenie environmentálneho inžinierstva  |X 69351  |U C6290  |Y 120  |7 A0000069351 
856 4 |u http://is.stuba.sk/zp/portal_zp.pl?podrobnosti=164994